| 000 | 00914nam a22002297a 4500 | ||
|---|---|---|---|
| 003 | OSt | ||
| 005 | 20260123085059.0 | ||
| 008 | 230607b ||||| |||| 00| 0 eng d | ||
| 040 | _cSSBUL | ||
| 041 | _ashan | ||
| 082 |
_223 _a294.375 |
||
| 100 | 0 |
_aတၢင်းၵႄး၊ _cလုင်း။ _917305 |
|
| 245 | 1 | 0 |
_aထမ်ႇမရသႃႇ တေးၵပျႃႇ ပပ်ႉမၢႆသွင် / _cလုင်းတၢင်းၵႄး။ |
| 250 | _aပွၵ်ႈၵမ်း 5 | ||
| 260 |
_aတႃႈၵုင်ႈ၊ _bတႆးလႅင်းပုင်ႇၼဵၵ်ႉတၢႆႉ၊ _c1962 ။ |
||
| 300 |
_a51 ၼႃႈ၊ _bပႃးႁၢင်ႈ၊ _c18 ၸိၼ်ႇတီႇ။ |
||
| 500 | _aS-SAT: Dr. Prof Sai Aung Tun | ||
| 650 |
_aပုတ်ႉထၽႃႇသႃႇ - ၶေႃႈထၢမ်တွပ်ႇ _925402 |
||
| 942 | _cBK | ||
| 942 | _2ddc | ||
| 942 | _2ddc | ||
| 999 |
_c25399 _d25399 |
||